LEADER 01561nam a2200349 u 4500 001 000000019270 003 CaOOAMICUS 005 20070226110753.0 008 950203r19811979it u000 u ita u 035 $a10463338 040 $aPUL(R)$bita 041 1 $aita$hgrc 100 0 $aIrenaeus Lugdunensis,$cs.,$d130/149-c. 198.$0(OLS)http://pul/name/3472 240 10$aOpere$9(Irenaeus, s., vesc. di Lyon, m. 202).$lItaliano.$0(OLS)http://pul/title/27292 245 10$aContro le eresie e gli altri scritti /$cIreneo di Lione ; introduzione, traduzione, note e indici a cura di Enzo Bellini. 260 $aMilano :$bJaca Book,$c1981, c1979. 300 $a688 p. ;$c24 cm 490 1 $aGià e non ancora ;$v76 500 $aComprende indici. 504 $aBibliografia: p. 41-43. 700 1 $aBellini, Enzo.$0(OLS)http://pul/name/6756 830 0$aGià e non ancora ;$v76.$0(OLS)http://pul/title/129 850 $aPUL 852 $aPUL$W1$xDP2 Religione 1$y63$m21 G 39$j27118$nBK-PRI$qStampati$B27118$CPULBib$Z2$F27118 $H49423 $81 852 $aPUL$W1$xCollocazioni Temporanee$y24$mCONS.261$j27119$nBK-PRI$b $qStampati$B27119$CPULBib$Z2$F27119 $H $81 900 $aIrénée de Lyon$cs., vesc.,$dm. 202 $93472 900 $aIreneo,$cs., vesc. di Lione,$dm. 202$93472 941 1 $a8 961 $aINV: 49423 961 $aINV: 0517 996 $6245$aContro le eresie e gli altri scritti$9(OLS)http://pul/title/27293 996 $6260$aMilano :$bJaca Book$9(OLS)http://pul/publisher/47900 LEADER 01281nam a2200313 u 4500 001 000000041922 003 CaOOAMICUS 005 20070226114252.0 008 990216s1996 it c u000 u ita u 020 $a8838237522 035 $a10814329 040 $aPUL(R)$bita 100 1 $aGuano, Emilio,$cvesc. di Livorno,$d1900-1970.$0(OLS)http://pul/name/10288 245 13$aLa santità di Dio /$cEmilio Guano ; introduzione di Pino Scabini. 260 $aRoma :$bEdizioni Studium,$cc1996. 300 $a94 p., [1] c. di tav. :$britr. ;$c21 cm 490 1 $aCoscienza studi ;$v28 504 $aBibliografia in nota. 650 4$aDio$xDottrina cristiana.$0(OLS)http://pul/subject/9476 650 4$aSantità.$0(OLS)http://pul/subject/12231 700 1 $aScabini, Pino,$d1926-2009.$0(OLS)http://pul/name/30480 830 0$aCoscienza.$pStudi ;$v28.$0(OLS)http://pul/title/9531 850 $aPUL 852 $aPUL$W1$xSL Religione 1$y3$m64 I 7$j56732$nBK-PRI$b $qStampati$B56732$CPULBib$Z2$F56732 $H $81 941 1 $a8 961 $aINV: 79499 996 $6020$a8838237522$9(OLS)http://pul/number/52275 996 $6245$aLa santità di Dio$9(OLS)http://pul/title/56566 996 $6260$aRoma :$bEdizioni Studium$9(OLS)http://pul/publisher/49092 LEADER 01864nam a2200409 a 4500 001 000000160464 003 CaOOAMICUS 005 20170503102359.0 008 170503s2016 it u000 u ita r 020 $a978-88-452-7993-5* 032 $aLibriCat 040 $aPUL$bita 082 04$a234.2 100 1 $aMartini, Carlo Maria,$ccardinale, arcivescovo di Milano,$d1927-2012.$0(OLS)http://pul/name/6653 245 13$aLe cattedre dei non credenti /$cCarlo Maria Martini ; a cura di Virginio Pontiggia ; prefazione di papa Francesco ; introduzione di Guido Formigoni. 250 $a3. ed. 260 $aMilano :$bBompiani,$c©2016. 300 $aL, 1255 p. ;$c21 cm. 490 1 $aSaggi Bompiani 650 4$aFede.$0(OLS)http://pul/subject/668 700 1 $aPontiggia, Virginio.$0(OLS)http://pul/name/102676 700 1 $aFormigoni, Guido.$0(OLS)http://pul/name/145 700 0 $aFranciscus PP.,$d1936-2025.$0(OLS)http://pul/name/86295 700 1 $aMartini, Carlo Maria,$ccardinale, arcivescovo di Milano,$d1927-2012.$tOpere.$0(OLS)http://pul/nameTitle/1884$0(OLS)http://pul/name/6653$0(OLS)http://pul/title/5258 830 0$aSaggi Bompiani.$0(OLS)http://pul/title/65709 850 $aPUL 852 $aPUL$W1$xSL Religione 3$y85$m234. 2 MARCA 1$j184077$qDDC 21$B187286$CPULBib$Z2$F187286 $H129525 $81 900 $aBergoglio, Jorge Mario$986295 900 $aFrancesco, papa,$d1936-$986295 910 $aPapi (2013- : Franciscus PP.)$986295 910 $aPapi (2013- : Franciscus PP.)$986295 941 1 $a9 996 $6020$a978-88-452-7993-5*$9(OLS)http://pul/number/162555 996 $6082$a234.2$9(OLS)http://pul/classification/592 996 $6245$aLe cattedre dei non credenti$9(OLS)http://pul/title/200111 996 $6260$aMilano :$bBompiani$9(OLS)http://pul/publisher/48240